| 000 | 00907nam a2200301 a 4500 | ||
|---|---|---|---|
| 001 | 82075 | ||
| 003 | BD-RjUL | ||
| 005 | 20231010123347.0 | ||
| 008 | 231010s2002 enka b 001 0 eng | ||
| 020 | _a0415227763 (pbk.) | ||
| 020 | _a0415227755 | ||
| 035 | _a(BD-RjUL)82075 | ||
| 040 |
_aDLC _cDLC _dDLC _dBD-RjUL _beng |
||
| 041 | _aeng | ||
| 082 | 0 | 0 |
_221 _a658.3 _bHAI 2002 |
| 100 | 1 |
_aHayes, John, _d1943- _99440 |
|
| 245 | 1 | 0 |
_aInterpersonal skills at work / _cJohn Hayes. |
| 250 | _a2nd ed. | ||
| 260 |
_aHove, East Sussex ; _aNew York : _bRoutledge, _c2002. |
||
| 300 |
_axiii, 306 p. : _bill. ; _c24 cm. |
||
| 500 | _aRev. ed. of: Interpersonal skills. 1994. | ||
| 504 | _aIncludes bibliographical references and index. | ||
| 650 | 0 | _aPersonnel management. | |
| 650 | 0 |
_aInterpersonal relations. _91309 |
|
| 700 | 1 |
_aHayes, John, _d1943- _99440 |
|
| 942 |
_2ddc _cBK |
||
| 999 |
_c82075 _d82075 |
||